Catalog

Record Details

Catalog Search



Das Heil für Israel : was sagt darüber das Neue Testament?  Cover Image Book Book

Das Heil für Israel : was sagt darüber das Neue Testament? / Heinrich Wiesemann

Record details

  • Physical Description: 224 s.
  • Publisher: Stuttgart Calwer Verlag 1965

Available copies

  • 1 of 1 copy available at Common Catalog SPOK.

Holds

  • 0 current holds with 1 total copy.
Show Only Available Copies
Location Call Number / Copy Notes Barcode Shelving Location Status Due Date
ETS Library 220.6 424470014108 Volný výběr Available -

LDR 00672nam a2a00241
00140121
003CZ-PrJAB
00520160215134702.0
008020222s1965 xr e f |||| |ger
009ge
035 . ‡a(CONS)11450
035 . ‡a(CONS)3532
035 . ‡aKPS10840
040 . ‡aABG450
041 . ‡ager
08214. ‡a220.6
100 . ‡75135 ‡aWiesemann, Heinrich
245 . ‡aDas Heil für Israel : ‡bwas sagt darüber das Neue Testament? / ‡cHeinrich Wiesemann
260 . ‡aStuttgart ‡bCalwer Verlag ‡c1965
300 . ‡a224 s.
653 . ‡aDas Heil für Israel ‡aNeue Testament
8524 . ‡bETS ‡bETS ‡cVolný výběr ‡j220.6 ‡p424470014108 ‡y$50.00
910 . ‡aABG450
999 . ‡a11450 ‡c11450 ‡tbiblio
905 . ‡uadmin
901 . ‡a40121 ‡b ‡c40121 ‡tbiblio ‡sets

Additional Resources